| 000 | 00953nam a2200289 i 4500 | ||
|---|---|---|---|
| 001 | bg | ||
| 003 | BPK | ||
| 005 | 20190920102845.0 | ||
| 008 | s1997 pl f |000 0 pol | ||
| 020 | _a8370852831 | ||
| 040 | _cBPK | ||
| 041 | 0 |
_apol _beng |
|
| 080 | _a53.08 | ||
| 080 | _a21.317 | ||
| 245 | 0 | 0 |
_aMetrologia : _bwczoraj - dziś - jutro : praca zbiorowa / _cpod red. Janusza Mroczki. |
| 260 |
_aWrocław : _bOficyna Wydawnicza Politechniki Wrocławskiej, _c1997. |
||
| 300 |
_a158 s. : _brys., wykr. ; _c24 cm. |
||
| 500 | _aStreszcz. ang. | ||
| 504 | _aBibliogr. przy pracach. | ||
| 650 | 4 |
_aElektronika _xpomiary. |
|
| 650 | 4 |
_aElektrotechnika _xpomiary. |
|
| 650 | 4 |
_aFizyka _xpomiary. |
|
| 650 | 4 | _aPrzyrządy pomiarowe | |
| 700 | 1 |
_aMroczka, Janusz _d(1952- ) _eRedakcja |
|
| 942 |
_cKS _2UKD |
||
| 856 |
_uhttp://koha.tu.koszalin.pl/cgi-bin/koha/opac-detail.pl?biblionumber=33181 _yKatalog online BPK |
||
| 999 |
_c33181 _d33181 |
||